000 00582nam a2200181Ia 4500
008 090124s9999 xx 000 0 und d
082 _b36986
100 _aघटाटे ना. मा.
245 _a अध्यक्ष महोदय
250 _a1
260 _bसाहित्य प्रसार केंद्र
_c2000
300 _a192
600 _aघटाटे ना. मा.
630 _a अध्यक्ष महोदय
700 _aघटाटे ना. मा.
730 _a अध्यक्ष महोदय
942 _cBOOK
999 _c102837
_d102837